000 00988cab a2200325 4500
001 ABS46262
008 090401t1992 xxu||||| |||| 00| 0 eng d
035 _a(Sirsi) u57438
041 _aeng
100 _aSalmon, J.E.
245 _aMineral valuation - the trading potential
260 _c1992
350 _a0
490 _aCS Monthly : Minerals bulletin
_v1(7) April 1992, 2-3(2)
520 _aNotes on how to assess the open market value of a quarry for its existing commercial use, which involves determining the trading potential from output and profits.
650 _aASSET VALUATION
650 _aMINERAL PROPERTY
650 _aMINERAL VALUATION
650 _aOPEN MARKET VALUE
650 _aOVERBID METHOD
650 _aPROFITABILITY
650 _aQUARRIES
650 _aSAVP NO 15
650 _aTRADING POTENTIAL
650 _aValuation
_96273
690 _aMINING AND MINERALS
690 _aRATING AND VALUATION
942 _n0
948 _c04/03/1997
999 _c35026
_d35026